LIBRARY & INFORMATION CENTRE, KCAET, TAVANUR

ONLINE PUBLIC ACCESS CATALOGUE (OPAC)

Arjan and Visarajan / (Record no. 11638)

MARC details
000 -LEADER
fixed length control field 00359cam a2200145ua 4500
041 ## - LANGUAGE CODE
Language code of text/sound track or separate title hin
082 ## - DEWEY DECIMAL CLASSIFICATION NUMBER
Classification number 891.54
Item number MYD/AR
100 ## - MAIN ENTRY--AUTHOR NAME
Personal name Mydhari, sharan gupt .
245 ## - TITLE STATEMENT
Title Arjan and Visarajan /
260 ## - PUBLICATION, DISTRIBUTION, ETC. (IMPRINT)
Place of publication :
Name of publisher sathiya sadan ,
Year of publication 1960.
300 ## - PHYSICAL DESCRIPTION
Number of Pages 32 ; .
942 ## - ADDED ENTRY ELEMENTS (KOHA)
Koha item type Books
Holdings
Withdrawn status Lost status Damaged status Home library Current library Date acquired Full call number Accession Number Koha item type Public note
Withdrawn     KAUAET Sanskrit University 07/04/2012 891.54 6179 Books Transferred to Sanskrit University
free website counter